Người đàn bà vàng Tập truyện về điểu tra hình sự của Liên Xô hay nhất 1985

Đã lưu trong:
Bibliografiske detaljer
Andre forfattere: Nguyễn Đức Quyết (dịch)
Format: Bog
Sprog:Vietnamese
Udgivet: TP. Hồ Chí Minh Văn Nghệ TP. Hồ Chí Minh 1987
Fag:
Tags: Tilføj Tag
Ingen Tags, Vær først til at tagge denne postø!
Thư viện lưu trữ: Mạng thư viện Đại học Đà Nẵng
LEADER 01185nam a2200313 4500
001 000004930
003 1072
005 20120411100406.0
008 110805s1987 viesd
020 |c 20000 đ 
041 0 |a dịch liên xô  |a vie 
082 |a 891.7  |b NG-Q 
245 0 |a Người đàn bà vàng  |b Tập truyện về điểu tra hình sự của Liên Xô hay nhất 1985  |c Người dịch: Nguyễn Đức Quyết 
260 |a TP. Hồ Chí Minh  |b Văn Nghệ TP. Hồ Chí Minh  |c 1987 
300 |a 598 tr.  |c 19 cm 
500 |a Tập truyện về điểu tra hình sự của Liên Xô hay nhất 1985 
653 |a truyện ngắn 
653 |a Văn học Nga 
700 |a Nguyễn Đức Quyết  |e dịch 
OWN |a LSP 
AVA |a UDN50  |b LSP  |d 891.7 NG-Q  |e unavailable  |t Error 5002 Not defined in file expand_doc_bib_avail.  |f 1  |g 1  |h N  |i 0  |k 1 
999 |a From the UDN01 
AVA |a UDN50  |b LSP  |d 891.7 NG-Q  |e unavailable  |t Error 5002 Not defined in file expand_doc_bib_avail.  |f 1  |g 1  |h N  |i 0  |k 1 
TYP |a Monograph 
TYP |a Printed language 
980 |a Mạng thư viện Đại học Đà Nẵng